000 00896nac a22002771i 4500
003 EG-ScBUE
005 20230531110309.0
008 230531t2004 nyua f 001 0 eng d
020 _a1584710454
020 _a9781584710455
040 _aEG-ScBUE
_beng
_erda
_cEG-ScBUE
_dEG-ScBUE
082 0 4 _a725.51
_bYEE
_222
100 1 _aYee, Roger,
_eauthor.
245 1 0 _aHealthcare spaces, no.2 /
_cRoger Yee.
264 1 _aNew York :
_bVisual reference publications Inc.,
_c[2004]
264 4 _cc2004
300 _a432 pages :
_bcolor illustrations ;
_c30 cm
336 _2rdacontent
_atext
_btxt
337 _2rdamedia
_aunmediated
_bn
338 _2rdacarrier
_avolume
_bnc
500 _aIncludes index.
650 7 _aHealth facilities
_vdesign and construction
_zUnited states.
_2BUEsh
650 7 _aHealth facilities
_xdecoration
_zUnited States.
_2BUEsh
655 _vReading book
942 _cBB
_2ddc
999 _c3537
_d3537